| 000 | 00513cam a2200193ua 4500 | ||
|---|---|---|---|
| 001 | 11300 | ||
| 008 | 190907n ii |||gr||||Z||||||eng | ||
| 020 | _a9788178806464 | ||
| 040 | _cMAIN | ||
| 041 | _aeng | ||
| 082 | _a371.2 | ||
| 100 |
_aDeepali Gupta, _eAuthor. |
||
| 245 |
_aEducational evaluations and measurements _cBy Deepali Gupta |
||
| 250 | _a1st ed. | ||
| 260 |
_aNew Delhi: _bRajat publications, _c2015. |
||
| 300 | _a275p. | ||
| 653 | _aSchools & their activities special education | ||
| 942 | _cBK | ||
| 999 |
_c10153 _d10153 |
||